书目信息 |
| 题名: |
文化转向
|
|
| 作者: | 詹姆逊 著 ;胡亚敏 译 | |
| 分册: | ||
| 出版信息: | 北京 中国人民大学出版社 2018 |
|
| 页数: | 24, 226页 | |
| 开本: | 23cm | |
| 丛书名: | 詹姆逊作品系列 | |
| 单 册: | ||
| 中图分类: | G02 | |
| 科图分类: | ||
| 主题词: | 后现代主义--hou xian dai zhu yi--文化哲学--研究 | |
| 电子资源: | ||
| ISBN: | 978-7-300-25515-6 | |
| 000 | 01344nam 2200325 450 | |
| 001 | 012001004005 | |
| 005 | 20131015092735.0 | |
| 010 | @a978-7-300-25515-6@dCNY58.00 | |
| 099 | @aCAL 012018090934 | |
| 100 | @a20180711d2018 ekmy0chiy50 ea | |
| 101 | 1 | @achi@ceng |
| 102 | @aCN@b110000 | |
| 105 | @ak a 000yy | |
| 106 | @ar | |
| 200 | 1 | @a文化转向@Awen hua zhuan xiang@f(美) 弗雷德里克·詹姆逊著@g胡亚敏等译 |
| 210 | @a北京@c中国人民大学出版社@d2018 | |
| 215 | @a24, 226页@d23cm | |
| 225 | 2 | @a詹姆逊作品系列@Azhan mu xun zuo pin xi lie |
| 305 | @a据原书1998年版译出 | |
| 306 | @a中文简体字版由中国人民大学出版社出版发行 | |
| 320 | @a有书目 | |
| 330 | @a本书是詹姆逊1998年的著作。这部著作是詹姆逊对后现代文化的进一步探讨,书中对后现代的特征进行了深入的阐发,揭示了当代资本主义的文化转向。在这部书中,作者还为我们提示了后现代社会的两个新层面,即视像文化盛行和空间优位。《文化转向》是了解詹姆逊这位最深刻和最具魅力的后现代主义理论家的指南。 | |
| 333 | @a后现代主义文化研究人员 | |
| 500 | 10 | @aCultural turn : selected writings on the postmodern 1983-1998@mChinese |
| 606 | 0 | @a后现代主义@Ahou xian dai zhu yi@x文化哲学@x研究 |
| 690 | @aG02@v5 | |
| 701 | 1 | @a詹姆逊@Azhan mu xun@g(Jameson, Fredric) ,@f1934-@4著 |
| 702 | 0 | @a胡亚敏@Ahu ya min@4译 |
| 801 | @b江苏凤凰@c20191020 | |
| 905 | @b1234568-73@dG02@e133@f6 | |
| 文化转向/(美) 弗雷德里克·詹姆逊著/胡亚敏等译.-北京:中国人民大学出版社,2018 |
| 24, 226页;23cm.-(詹姆逊作品系列) |
| 使用对象:后现代主义文化研究人员 |
| ISBN 978-7-300-25515-6:CNY58.00 |
| 本书是詹姆逊1998年的著作。这部著作是詹姆逊对后现代文化的进一步探讨,书中对后现代的特征进行了深入的阐发,揭示了当代资本主义的文化转向。在这部书中,作者还为我们提示了后现代社会的两个新层面,即视像文化盛行和空间优位。《文化转向》是了解詹姆逊这位最深刻和最具魅力的后现代主义理论家的指南。 |
| ● |
| 相关链接 |
|
|
|
|
正题名:文化转向
索取号:G02/133
 
预约/预借
| 序号 | 登录号 | 条形码 | 馆藏地/架位号 | 状态 | 备注 |
| 1 | 1234568 | 212345684 | 第一样本阅览室/ [索取号:G02/133] | 在馆 | |
| 2 | 1234569 | 212345693 | 第四借阅区/ [索取号:G02/133] | 在馆 | |
| 3 | 1234570 | 212345700 | 第四借阅区/ [索取号:G02/133] | 在馆 | |
| 4 | 1234571 | 212345719 | 教育系资料室/ [索取号:G02/133] | 在馆 | |
| 5 | 1234572 | 212345728 | 教育系资料室/ [索取号:G02/133] | 在馆 | |
| 6 | 1234573 | 212345737 | 教育系资料室/ [索取号:G02/133] | 在馆 |